LEADER 01017nam a2200253 i 4500 001 000000182858 003 CaOOAMICUS 005 20091031000000.0 008 091031s1988 it u000 u ita u 013 $a160819 020 $a88-307-0170-X 040 $aSeMil$bita 100 1 $aGualdi, Piergiorgio.$0(OLS)http://semarc/name/67343 245 10$aMadagascar :$bun enigma da risolvere /$cPiergiorgio Gualdi. 260 $aBologna :$bEMI,$c1988. 300 $a103 p. ;$c19 cm. 490 0 $aQuaderni EMI/Sud ;$vNumero15. Sezione Africa 650 4$aMadagascar.$0(OLS)http://semarc/subject/18924 830 0$aQuaderni EMI/Sud ;$vNumero15. Sezione Africa.$0(OLS)http://semarc/title/20 850 $aSeMil 852 $aSeMil$W1$xVenegono$y1$m3E I 286$j133562$B133562$CSeMilBibl$Z2$F145332 $81 996 $6020$a88-307-0170-X$9(OLS)http://semarc/number/172512 996 $6245$aMadagascar :$bun enigma da risolvere$9(OLS)http://semarc/title/262405 996 $6260$aBologna :$bEMI$9(OLS)http://semarc/publisher/29618 LEADER 00983nam a2200253 i 4500 001 000000192815 003 CaOOAMICUS 005 20100930000000.0 008 100930s1988 it u000 u ita u 013 $a171449 040 $aSeMil$bita 100 1 $aPriuli, Ausilio,$d<1951- >.$0(OLS)http://semarc/name/39535 245 10$aIncisioni rupestri della Val Camonica /$cAusilio Priuli. 250 $aRist. 260 $aIvrea (TO) :$bPriuli & Verlucca,$c1988. 300 $a130 p. :$bill. ;$c30 cm. 490 0 $aQuaderni di cultura alpina ;$v11 500 $aCopia autografata dall'Autore. 830 0$aQuaderni di cultura alpina ;$v11.$0(OLS)http://semarc/title/31982 850 $aSeMil 852 $aSeMil$W1$xVenegono$y1$m4Y VI 131$j143390$B143390$CSeMilBibl$Z2$F154957 $81 961 $aOmaggio: Altro 996 $6245$aIncisioni rupestri della Val Camonica$9(OLS)http://semarc/title/277950 996 $6260$aIvrea (TO) :$bPriuli & Verlucca$9(OLS)http://semarc/publisher/33384